El español en chile /
Guardado en:
| Autor Principal: | |
|---|---|
| Formato: | Libro |
| Publicado: |
Buenos Aires :
Inst.de Filologia De La Univ.de Buenos Aires,
1940
|
| Materias: | |
| Etiquetas: |
Agregar Etiqueta
Sin Etiquetas, Sea el primero en etiquetar este registro!
|
| LEADER | 00598nam a22001575a 4500 | ||
|---|---|---|---|
| 001 | EHU.bham005441 | ||
| 003 | AR-BHAM | ||
| 005 | 19000101000000.0 | ||
| 008 | 130507s1940##################000#0#####d | ||
| 082 | 4 | 6 | |a 467 |
| 100 | 1 | |a Alonso, Amado | |
| 245 | 1 | 0 | |a El español en chile / |c Amado Alonso. |
| 260 | |a Buenos Aires : |b Inst.de Filologia De La Univ.de Buenos Aires, |c 1940 | ||
| 300 | |a 371 p.TRABAJOS DE RODOLGO LENZ, ANDRES BELLO Y RODOLFO OROZ; TRADUCCION, NOTAS Y EAp.ENDICES DE AMADO ALONSO Y RAIMUNDO LIDA. | ||
| 653 | |a Castellano-dialectos | ||
| 859 | |a AR-BHAM |b BIB. HUMANIDADES - General |h 467 |i AL53 |p 31.62 |t Ej.1 | ||
